Größte kreisangehörige Städte in NRW - Statistiken

Allgemein
  • Dieses Quiz wurde 173 mal gespielt
  • Das Durchschnittsergebnis liegt bei 20 aus 35
Antwortstatistiken
Einwohner Antwort % Korrekt
102.393 Gütersloh
77%
154.139 Neuss
76%
102.560 Siegen
75%
111.734 Recklinghausen
73%
105.287 Moers
72%
83.076 Minden
71%
112.712 Bergisch Gladbach
68%
154.755 Paderborn
66%
93.207 Düren
65%
92.540 Iserlohn
64%
60.892 Unna
64%
75.089 Detmold
63%
86.868 Lünen
63%
95.897 Witten
63%
78.208 Viersen
61%
87.388 Ratingen
60%
82.445 Velbert
59%
61.330 Wesel
59%
73.795 Castrop-Rauxel
58%
67.459 Herford
58%
84.331 Marl
58%
76.251 Troisdorf
58%
75.889 Gladbeck
56%
74.323 Arnsberg
55%
76.720 Dorsten
54%
68.890 Lippstadt
53%
71.865 Lüdenscheid
53%
71.930 Bocholt
50%
67.762 Dinslaken
49%
77.893 Rheine
49%
65.147 Dormagen
34%
64.596 Grevenbroich
34%
62.376 Bergheim
33%
62.473 Herten
33%
67.239 Kerpen
33%
Keine übereinstimmenden Quizze gefunden
Verteilung der Resultate
Anzahl Personen mit jedem Resultat
Perzentil nach korrekt beantworteten Fragen
Ihre Resultats-Entwicklung
Sie haben dieses Quiz noch nicht gespielt